| 000 | 00000nam##2200000za#4500 |
| 001 | 9.694088 |
| 003 | CaOODSP |
| 005 | 20240209132434 |
| 007 | cr ||||||||||| |
| 008 | 150407|2005||||xxc|||||o f|0| 0 eng|d |
| 040 | |aCaOODSP|beng |
| 043 | |an-cn--- |
| 086 | 1 |aAC5-12/2005E-PDF |
| 110 | 2 |aAtlantic Canada Opportunities Agency. |
| 245 | 10|aAccelerating growth - fostering environmental technology innovation and commercialization in Atlantic Canada : |h[electronic resource]|ba report for the Atlantic Environment Technology Advancement Network (AETAN) / |cby AEGIS Management Consulting Group (2004) Inc.; in association with Lorne Ferguson Consulting. |
| 246 | 1 |aFostering Environmental Technology Innovation and Commercialization in Atlantic Canadian SMES |
| 260 | |aMoncton - New Brunswick : |bAtlantic Canada Opportunities Agency |cApril 2005. |
| 300 | |a109p.|bcoloured figs., graphs, organization charts, tables, photographs |
| 500 | |a"The information presented is the research, interpretation and opinions of the consultants (individually and as a team). It does not represent the position of the Atlantic Environment Technology Advancement Network (AETAN), the Atlantic Canada Opportunities Agency (ACOA), Environment Canada, Industry Canada, ..."--Page 5 of 109. |
| 504 | |aBibliography. |
| 590 | |a10-15-Supp|b2010-12-10 |
| 690 | 07|aEnvironmental technology|2gcpds |
| 775 | 08|tAccélérer la croissance - stimuler l'innovation et la commercialisation chez les entreprises du secteur de l'écotechnologie en atlantique : |w(CaOODSP)9.638269 |
| 856 | 40|ahttp://publications.gc.ca|qPDF|s703 KB|uhttps://publications.gc.ca/collections/collection_2010/apeca-acoa/AC5-12-2005-eng.pdf |